000 00649nam a2200241Ia 4500
003 OSt
005 20220918202723.0
006 a|||||r|||| 00| 0
007 ta
008 220917b |||||||| |||| 00| 0 eng d
024 _a103,338
037 _cTextual
040 _aARTS
_cARTS
_beng
041 _2eng
_aeng
082 _aV2,4N77:3.79, L91-;1
100 _aGhose S K
_9100098
245 0 _aBetrayal
_b Politics as if people mattered
260 _aDelhi
_bSterling India
_c1979
300 _aix, 215p.
_ccm.
650 _aHISTORY
942 _hV2,4N77:3.79, L91-;1
_cTEXL
_2CC
999 _c226757
_d226757